« Retourner aux résultats de recherche
procès du chien (Le)
| Auteur principal: | Laetitia Dosch |
|---|---|
| D'autres auteurs: | Anne-Sophie Bailly David Sztanke François Damiens Jean-Pascal Zadi Anne Dorval Anabela Moreira Mathieu Demy |
| Support: | DVD |
| Langue: | Francais |
| Publié: |
2025 The Jokers Paris |
| Genre: |
Film |
| Sujets: | |
| Étiquettes: |
Ajouter
Pas de Tags !
|
| LEADER | 01438ngm0a2200277 450 | ||
|---|---|---|---|
| 001 | 16847597 | ||
| 100 | |a 20241031d2025 u u0frey01 ba | ||
| 101 | 0 | |a fre | |
| 102 | |a FR | ||
| 200 | 0 | |a procès du chien (Le) |f Laetitia Dosch, réal. |g David Sztanke, comp. - Anne-Sophie Bailly, Laetitia Dosch, scénario - Laetitia Dosch, François Damiens, Jean-Pascal Zadi, Anne Dorval, Anabela Moreira, Mathieu Demy, ... [et al.] act. | |
| 207 | 1 | |a | |
| 210 | |a Paris |c The Jokers |d 2025 | ||
| 215 | |a 1 DVD vidéo monoface zone 2 (1 h 20 min) |c 1.78, 16/9, coul., (PAL), Son. (Dolby Digital 5.1; français) | ||
| 300 | |a Langues principales : français; | ||
| 330 | |a Avril, avocate abonnée aux causes perdues, s'est fait une promesse : sa prochaine affaire, elle la gagne ! Mais lorsque Dariuch, client aussi désespéré que sa cause, lui demande de défendre son fidèle compagnon Cosmos, les convictions d'Avril reprennent le dessus. Commence alors un procès aussi inattendu qu'agité : le procès du chien. | ||
| 700 | 0 | |a Dosch |b Laetitia |4 370 | |
| 702 | 0 | |a Bailly |b Anne-Sophie |4 690 | |
| 702 | 0 | |a Sztanke |b David |4 230 | |
| 702 | 0 | |a Damiens |b François |4 5 | |
| 702 | 0 | |a Zadi |b Jean-Pascal |4 5 | |
| 702 | 0 | |a Dorval |b Anne |4 5 | |
| 702 | 0 | |a Moreira |b Anabela |4 5 | |
| 702 | 0 | |a Demy |b Mathieu |4 5 | |
| 900 | |a Film | ||
| 901 | |a Accessible au prêt | ||
| 995 | |a Bibliothèque |c Bibliothèque |f 00156011853157 |h 00156011853157 |k F DOS |o p |q a |r gd |e Bibliothèque | ||
